Bir kent, bir insan / (Record no. 200429484)

MARC details
000 -LEADER
fixed length control field 01093nam a2200325 a 4500
001 - CONTROL NUMBER
control field 87968417 /NE
003 - CONTROL NUMBER IDENTIFIER
control field TR-AnTOB
005 - DATE AND TIME OF LATEST TRANSACTION
control field 20241121152449.0
007 - PHYSICAL DESCRIPTION FIXED FIELD--GENERAL INFORMATION
fixed length control field ta
008 - FIXED-LENGTH DATA ELEMENTS--GENERAL INFORMATION
fixed length control field 900207s1986 tu ac b 00110btur
040 ## - CATALOGING SOURCE
Original cataloging agency TR-AnTOB
Language of cataloging eng
Transcribing agency TR-AnTOB
Description conventions rda
041 0# - LANGUAGE CODE
Language code of text/sound track or separate title Türkçe
060 ## - NATIONAL LIBRARY OF MEDICINE CALL NUMBER
Classification number WZ 100.E29
Item number A37 1986
096 ## - LOCALLY ASSIGNED NLM-TYPE CALL NUMBER (OCLC)
Classification number WZ 100.E29
Item number A37 1986
100 1# - MAIN ENTRY--PERSONAL NAME
Personal name Aksoy, Yaşar,
Dates associated with a name 1947-
Relator code author
9 (RLIN) 7126
245 10 - TITLE STATEMENT
Title Bir kent, bir insan /
Statement of responsibility, etc. İzmirʼin son yüzyılı, S. Ferit Eczacıbaşıʼnın yaşımı ve anıları.
264 #1 - PRODUCTION, PUBLICATION, DISTRIBUTION, MANUFACTURE, AND COPYRIGHT NOTICE
Place of production, publication, distribution, manufacture İstanbul :
Name of producer, publisher, distributor, manufacturer Dr. Nejat F. Eczacıbaşı Vakfı Yayınları,
Date of production, publication, distribution, manufacture, or copyright notice 1986.
300 ## - PHYSICAL DESCRIPTION
Extent 360 p. :
Other physical details ill., ports. ;
Dimensions 24 cm.
336 ## - CONTENT TYPE
Source rdacontent
Content type term text
Content type code txt
337 ## - MEDIA TYPE
Source rdamedia
Media type term unmediated
Media type code n
338 ## - CARRIER TYPE
Source rdacarrier
Carrier type term volume
Carrier type code nc
490 0# - SERIES STATEMENT
Series statement Toplumsal Belgeler Dizisi ;
Volume/sequential designation 2
500 ## - GENERAL NOTE
General note Includes index.
504 ## - BIBLIOGRAPHY, ETC. NOTE
Bibliography, etc. note
600 10 - SUBJECT ADDED ENTRY--PERSONAL NAME
Personal name Eczacıbaşı, Süleyman Ferit,
Dates associated with a name 1885-1973
9 (RLIN) 119688
650 #2 - SUBJECT ADDED ENTRY--TOPICAL TERM
Topical term or geographic name entry element Pharmacists
9 (RLIN) 119739
651 #0 - SUBJECT ADDED ENTRY--GEOGRAPHIC NAME
Geographic name İzmir (Turkey)
9 (RLIN) 67498
942 ## - ADDED ENTRY ELEMENTS (KOHA)
Source of classification or shelving scheme National Library of Medicine
Koha item type Book
Holdings
Withdrawn status Lost status Source of classification or shelving scheme Not for loan Collection code Home library Current library Shelving location Date acquired Source of acquisition Inventory number Total Checkouts Full call number Barcode Date last seen Copy number Date shelved Koha item type Public note
    National Library of Medicine Ödünç Verilemez-Kurumiçi kullanım / Not for loan-For inhouse use Tıp Koleksiyonu Tıp Fakültesi Medikal Kütüphane TOBB ETÜ Memorial Afiliasyon Kütüphanesi Tıp Koleksiyonu / Medical Collection 18/04/2018 Bağış / Donation TIP   WZ 100.E29 A37 1986 0056518 18/04/2018 1 14/05/2018 Book Donated by Levent Kuşoğlu
Devinim Yazılım Eğitim Danışmanlık tarafından Koha'nın orjinal sürümü uyarlanarak geliştirilip kurulmuştur.